01075 2200349 4500001002100000005001500021035002000036020002200056040002200078082001500100084001700115090002100132090002200153100003700175245012500212250003200337300003100369650001400400850001200414041000800426264003900434336002100473337003000494338002300524007000300547008004100550504003400591700003200625700002400657990002200681990002200703INLIS00000000084624220190701084356 a0010-0419001101 a978-602-7858-27-5 aYOPDYOGbinderda04223a378.18 a378.18 IQB m aDEP 378.18 IQB m aCB-D.11 2013-27900 aIqbal Themi, M.d1990ePengarang10aMahasiswa visioner :bMenembus batas merebut masa depan /cpenulis, M. Iqbal Themi; penyunting, Syamsudin Kadir, Rika JH aCetakan pertama, April 2013 axxiv, 172 halaman ;c21 cm 4aMahasiswa aYOPDYOG0 aind aYogyakarta :bSmart Writing,c2013 2rdacontentateks 2rdamediaatanpa perantara 2rdacarrieravolumeta190422s2013 yoi g | ind d aBibliografi : halaman 171-1720 aSyamsudin Kadirepenyunting0 aRika JHepenyunting aCB-D.11/2013-2970 aCB-D.11/2013-2790